00401nam a2200157Ia 450000500170000000800410001708200180005810000190007624500300009526000430012530000170016865000100018565000180019565000150021365000150022820250220053752.0240331s9999 xx 000 0 und d bKAM2845a954 aKamaliah, K. C 0aThamilakak Kalai Varalaru aChennaibManivaasakar Publishersc1988 axii, 224 p., aTamil aTamil History aTamil Arts aLiterature